Paesi più grandi dell'Italia - morte improvvisa - Statistics

Statistiche generali
  • Questo quiz è stato fatto 344 volte
  • Il punteggio medio è 6 su 16
Answers on the Grid
Answers color-coded by a green-red scale on the quiz's grid according to % correct below.
Albania
Armenia
Afghanistan
Cile
Brasile
Russia
Australia
Norvegia
Regno Unito
Finlandia
Svezia
Pakistan
Egitto
Madagascar
Islanda
Bielorussia
Paraguay
Suriname
Nuova Zelanda
Malesia
Laos
Cambogia
Vaticano
Kirghizistan
Sudan
Ghana
Botswana
Micronesia
Filippine
Costa d'Avorio
 
Statistiche sulle risposte
Risposta % Corretto
Russia
73%
Brasile
70%
Australia
68%
Egitto
50%
Pakistan
50%
Afghanistan
47%
Finlandia
47%
Svezia
47%
Norvegia
44%
Sudan
37%
Cile
35%
Madagascar
28%
Botswana
16%
Malesia
14%
Paraguay
10%
Costa d'Avorio
5%
Nessun quiz corrispondente trovato
Distribuzione punteggi
Percentuale di utenti per punteggio
Percentile per numero di risposta
I tuoi punteggi nel tempo
Non hai fatto questo quiz